Detalles MARC
| 000 -LIDER |
| fixed length control field |
02444nam a2200409 a 4500 |
| 001 - NÚMERO DE CONTROL |
| Identificador de número de control |
00003883 |
| 003 - IDENTIFICACDOR DE NÚMERO DE CONTROL |
| control field |
DO-SdBNP |
| 005 - DATE AND TIME OF LATEST TRANSACTION |
| control field |
20180313124649.0 |
| 007 - CAMPOS FIJOS DE DESCRIPCIÓN FÍSICA |
| fixed length control field |
00003883 |
| 008 - ELEMENTOS DE LONGITUD FIJA |
| fixed length control field |
091123s 2001 dr 000 0 spa d |
| 020 ## - ISBN |
| International Standard Book Number |
8482613537 |
| 020 ## - ISBN |
| International Standard Book Number |
8482613618(cuaderno) |
| 040 ## - FUENTE DE CATALOGACIÓN |
| Agencia que crea de manera original el registro |
BPMSU |
| Idioma de catalogación |
spa |
| Agencia que realiza la transcripción |
BPMSU |
| 082 04 - NÚMERO DE CLASIFICACIÓN DECIMAL DE DEWEY |
| Classification number |
373.6561 |
| Item number |
G216L 4to. 2001 |
| 100 1# - ASIENTO PRINCIPAL -- NOMBRE PERSONAL |
| Nombre personal |
García Cartagena, Manuel |
| 245 10 - MENCIÓN DE TITULO |
| Título |
Lengua y literatura 4 : |
| Subtítulo |
educación media / |
| Mención de responsabilidad |
Manuel García Cartagena ; dirección editorial Obdulia García de Escobar ; ilustración Ruddy Núñez. |
| 260 ## - PUBLICACIÓN, DISTRIBUCIÓN, ETC. (PIE DE IMPRENTA) |
| Lugar de publicación, distribución, etc |
Santo Domingo : |
| Nombre del editor, distribuidor, etc. |
Santillana, |
| Fecha de publicación, distribución, etc |
2001. |
| 300 ## - DESCRIPCIÓN FÍSICA |
| Extensión |
xxxii, 279 p. : |
| Otros detalles físicos |
il., mapas., retrs. ; |
| Dimensiones |
28 cm. |
| 490 1# - MENCIÓN DE SERIES |
| Mención de serie |
Umbral |
| 500 ## - NOTA GENERAL |
| Nota general |
Cuarto de bachillerato. 2do. curso / Segundo ciclo |
| 500 ## - NOTA GENERAL |
| Nota general |
La biblioteca posee Libro texto y el cuaderno |
| 505 1# - NOTA DE CONTENIDO |
| Título |
Procedimientos y prácticas de producción textual -- |
| -- |
Análisis y estudio de la comunicación -- |
| -- |
Estudio de la lengua -- |
| -- |
Literatura dominicana (siglo XX) conectada con literatura hispanomericana (siglo XX) |
| 505 1# - NOTA DE CONTENIDO |
| Título |
Mecánica de la argumentacion -- |
| -- |
Mecánica de la interacionalización cumunicativa -- |
| -- |
Argumentos para la democracia -- |
| -- |
La lluvía y la vida -- |
| -- |
Imágenes de la dominicanidad -- |
| -- |
Investigación lexicológica: primera parte -- |
| -- |
Mecánica de la publicidad -- |
| -- |
Mecánia de los textos pariodísticos -- |
| -- |
Cuando hay que hablar para convencer... -- |
| -- |
Reportajes todo el tiempo -- |
| -- |
Un país que trabaja |
| -- |
Mecánicas de los textos administrativos -- |
| -- |
Mecánica de los textos literarios -- |
| -- |
Tiene derecho a ser diferente -- |
| -- |
Conoce tu pueblo y te conocerás -- |
| -- |
Por los caminos del campo -- |
| -- |
Proyecto 2 Investigación lexicológica: segunda parte -- |
| -- |
Mecánica del resumen textual -- |
| -- |
Mecánica del proceso textual -- |
| -- |
Entre ciencia y conciencia -- |
| -- |
El dilema de ser y parecer... -- |
| -- |
En armonía natural -- |
| 650 #4 - ENCABEZAMIENTO DE MATERIA--TEMÁTICO |
| Término temático o nombre geográfico como elemento de entrada |
ESPAÑOL |
| Subdivisión temática general |
ENSEÑANZA SECUNDARIA |
| 650 #4 - ENCABEZAMIENTO DE MATERIA--TEMÁTICO |
| Término temático o nombre geográfico como elemento de entrada |
ESPAÑOL |
| Subdivisión temática general |
LIBROS DE TEXTOS |
| 650 #4 - ENCABEZAMIENTO DE MATERIA--TEMÁTICO |
| Término temático o nombre geográfico como elemento de entrada |
ESPAÑOL |
| Subdivisión temática general |
ESTUDIOS Y EJERCICIOS |
| 650 #4 - ENCABEZAMIENTO DE MATERIA--TEMÁTICO |
| Término temático o nombre geográfico como elemento de entrada |
ESPAÑOL |
| Subdivisión temática general |
EDUCACIÓN SECUNDARIA |
| 650 #4 - ENCABEZAMIENTO DE MATERIA--TEMÁTICO |
| Término temático o nombre geográfico como elemento de entrada |
EDUCACIÓN SECUNDARIA |
| Subdivisión geográfica |
REPÚBLICA DOMINICANA |
| 700 12 - ASIENTO SECUNDARIO -- NOMBRE PERSONAL |
| Nombre personal |
García de Escobar, Obdulia, |
| Mención de responsabilidad |
ed. |
| 700 12 - ASIENTO SECUNDARIO -- NOMBRE PERSONAL |
| Nombre personal |
Núñez, Ruddy, |
| Mención de responsabilidad |
il. |
| 830 #0 - ASIENTO SECUNDARIO DE SERIE--TÍTULO UNIFORME |
| Título uniforme |
Umbral |
| 910 ## - VALIDACIÓN |
| Validación |
Validado. Control de calidad MFF |
| 942 ## - ADDED ENTRY ELEMENTS (KOHA) |
| Source of classification or shelving scheme |
Dewey Decimal Classification |
| Koha item type |
Libros |
| 945 ## - INFORMACIÓN DE PROCESAMIENTO LOCAL |
| Información de procesamiento local |
Inventariado, 2018 /LP |
| 956 ## - LOCAL ELECTRONIC LOCATION AND ACCESS (OCLC) |
| Nombre de host |
VMATEO |
| Número de acceso |
10 |
| Información de compresión |
20150730 |
| Inicio de sesión |
BPMSU |
| Procesador de solicitud |
00151 |
| 956 ## - LOCAL ELECTRONIC LOCATION AND ACCESS (OCLC) |
| Nombre de host |
LOPEREZ |
| Número de acceso |
10 |
| Información de compresión |
20160425 |
| Inicio de sesión |
BPMSU |
| Procesador de solicitud |
00041 |